000 00494ntaaa2200181 4500
003 01
005 20251027201815.0
008 0714s1973 ag 01
040 _aAR-BaBN
_bspa
_cAR-BaBN
_eaacr
_dRIC
082 _a242.4000 N14
100 _aNall, T. Otto
_916509
245 _aThe Bible when you need it most
250 _a1 ed.
260 _aNew York :
_bAssociation Press,
_cc1958
300 _a127 p
500 _aMeditaciones personales de la Biblia para problemas especiales
942 _cBK
999 _c12737
_d12737